[Event "Omsk op"]
[Site "Omsk"]
[Date "2008.11.27"]
[Round "2"]
[White "Volkov, Alexander2222"]
[Black "Uliashev, Alexander"]
[Result "1-0"]
[WhiteElo "2056"]
[BlackElo "1945"]
[PlyCount "39"]
[EventDate "2008.11.23"]
[EventType "swiss"]
[EventRounds "9"]
[EventCountry "RUS"]
[SourceTitle "CBM 127 Extra"]
[Source "ChessBase"]
[SourceDate "2009.01.08"]
[SourceVersion "2"]
[SourceVersionDate "2009.01.28"]
[SourceQuality "1"]

1. d4 Nf6 2. c4 g6 3. g3 Bg7 4. Bg2 d5 5. cxd5 Nxd5 6. Nf3 0-0 7. 0-0 Nc6 8. Nc3 Nxc3 9. bxc3 e5 10. Ba3 Re8 11. d5 Ne7 12. e4 f5 13. Qb3 Kh8 14. Ng5 Rf8 15. d6 cxd6 16. Nf7+ Rxf7 17. Qxf7 Nc6 18. Rfd1 Qf8 19. Qxf8+ Bxf8 20. Bxd6 1-0

[Event "St Petersburg-ch op"]
[Site "St Petersburg"]
[Date "1992.??.??"]
[Round "?"]
[White "Sokolin, Leonid M"]
[Black "Uliashev, Alexander"]
[Result "1-0"]
[WhiteElo "2435"]
[BlackElo "2375"]
[PlyCount "72"]
[EventDate "1992.??.??"]
[EventType "swiss"]
[EventRounds "11"]
[EventCountry "RUS"]
[SourceTitle "CBM 028 Extra"]
[Source "ChessBase"]
[SourceDate "1992.07.01"]
[SourceVersion "1"]
[SourceVersionDate "1992.07.01"]
[SourceQuality "1"]

1. d4 Nf6 2. c4 e6 3. Nc3 d5 4. Nf3 Be7 5. g3 dxc4 6. Bg2 0-0 7. 0-0 Nc6 8. e3 Rb8 9. Qa4 Nb4 10. Qxa7 Na6 11. Ne5 Nd5 12. Nxc4 Bd7 13. Na5 Ra8 14. Qxb7 Nab4 15. Bd2 Rb8 16. Nxd5 exd5 17. Bxb4 Rxb7 18. Nxb7 Qe8 19. Bxe7 Qxe7 20. Nc5 c6 21. a4 Ra8 22. b4 h5 23. a5 Be8 24. Rfb1 h4 25. a6 hxg3 26. hxg3 Qd6 27. Bf1 f5 28. b5 cxb5 29. Bxb5 Bxb5 30. Rxb5 Kh7 31. a7 f4 32. exf4 Qf6 33. Rb4 Qe7 34. Rb7 Qf6 35. Ra4 Qd6 36. Ra6 Qf8 1-0

[Event "St Petersburg-ch op"]
[Site "St Petersburg"]
[Date "1992.??.??"]
[Round "?"]
[White "Uliashev, Alexander"]
[Black "Mishuchkov, Nikolai Mikhailovic"]
[Result "1/2-1/2"]
[WhiteElo "2375"]
[BlackElo "2400"]
[PlyCount "54"]
[EventDate "1992.??.??"]
[EventType "swiss"]
[EventRounds "11"]
[EventCountry "RUS"]
[SourceTitle "CBM 028 Extra"]
[Source "ChessBase"]
[SourceDate "1992.07.01"]
[SourceVersion "1"]
[SourceVersionDate "1992.07.01"]
[SourceQuality "1"]

1. c4 Nf6 2. Nc3 c6 3. e4 e5 4. Nf3 d6 5. d4 Bg4 6. dxe5 Bxf3 7. gxf3 dxe5 8. Qxd8+ Kxd8 9. Bg5 Kc7 10. 0-0-0 Nbd7 11. Bh3 Nb6 12. f4 h6 13. Bxf6 gxf6 14. fxe5 fxe5 15. Rhg1 Rd8 16. Rxd8 Kxd8 17. b3 Bc5 18. Kd1 Bxf2 19. Rf1 Bd4 20. Ne2 Ke7 21. Ng3 Bc5 22. Rf5 f6 23. Rh5 Kf7 24. Ke2 Na8 25. Nf5 Kg6 26. Bg4 Nc7 27. Nh4+ Kf7 1/2-1/2

[Event "St Petersburg-ch op"]
[Site "St Petersburg"]
[Date "1992.??.??"]
[Round "?"]
[White "Uliashev, Alexander"]
[Black "Novik, Maxim"]
[Result "1/2-1/2"]
[WhiteElo "2375"]
[BlackElo "2420"]
[PlyCount "74"]
[EventDate "1992.??.??"]
[EventType "swiss"]
[EventRounds "11"]
[EventCountry "RUS"]
[SourceTitle "CBM 028 Extra"]
[Source "ChessBase"]
[SourceDate "1992.07.01"]
[SourceVersion "1"]
[SourceVersionDate "1992.07.01"]
[SourceQuality "1"]

1. e4 c5 2. Nf3 Nc6 3. d4 cxd4 4. Nxd4 Nf6 5. Nc3 e5 6. Ndb5 d6 7. Bg5 a6 8. Na3 b5 9. Nd5 Be7 10. Bxf6 Bxf6 11. c3 0-0 12. Nc2 Bg5 13. h4 Bh6 14. g4 Bf4 15. Qf3 Be6 16. Nxf4 Qf6 17. g5 Qxf4 18. Qxf4 exf4 19. Nd4 Ne5 20. Bh3 Bxh3 21. Rxh3 Rfe8 22. Ke2 Rad8 23. b3 d5 24. exd5 Rxd5 25. Kf1 b4 26. Re1 Kf8 27. Nf3 Nc6 28. Rxe8+ Kxe8 29. Ne1 Rd1 30. cxb4 Nxb4 31. Ke2 Ra1 32. a4 Rb1 33. Ng2 Rb2+ 34. Kf1 Rb1+ 35. Ke2 Rb2+ 36. Kf1 Rb1+ 37. Ke2 Rb2+ 1/2-1/2